| 000 | 00927nam a2200289 a 4500 | ||
|---|---|---|---|
| 003 | AR-BaBNM | ||
| 005 | 20251128204313.0 | ||
| 008 | 082120s2002 ||||||||||||||000 | spa|| | ||
| 040 | _cAR-BaBNM | ||
| 100 | 1 | _aMéndez, Liliana | |
| 245 | 0 | 0 |
_aPsicogénesis de la lecto-escritura _b2do grado. 2 |
| 260 |
_aBuenos Aires _bVocación Docente _c1992 |
||
| 300 |
_a240 p. _bil. |
||
| 500 | _aContiene en caja aparte fichas para el rincón de lecto-escritura, juego de cartas, carreras de ingenio y juego de las pistas | ||
| 650 | 4 | _aENSEÑANZA DE LA LECTURA | |
| 650 | 4 | _aENSEÑANZA DE LA ESCRITURA | |
| 650 | 4 | _aJUEGOS EDUCATIVOS | |
| 650 | 4 | _aFICHAS ESCOLARES | |
| 650 | 4 | _aENSEÑANZA DE LA ORTOGRAFIA | |
| 653 | _aCONSTRUCTIVISMO | ||
| 653 | _aLECTOESCRITURA | ||
| 700 | 1 | _aTarchini, Enrique | |
| 700 | 1 |
_aToppi, Víctor _eilustrador |
|
| 700 | 1 |
_aVázquez, Andrea _ecolaborador |
|
| 942 | _cBK | ||
| 998 | _cCarmen | ||
| 999 |
_c6955 _d6955 |
||